000 00370nam a22001097a 4500
999 _c15111
_d15111
008 200304b ||||| |||| 00| 0 eng d
245 _aHow practicing good etiquette, civility could differentiate your business.
260 _aPhilippines;
_bPhilippine Daily Inquirer,
_c©2019.
300 _apage B2-4;
_c29.5cm.
650 _aManners and customs.
_927241
942 _2ddc
_cPER